Ensayo sobre el verdadero estado de la cuestin̤ social y polt̕ica que se agita en la Repb︢lica Mexicana pg̀inas escogidas /

Bibliographic Details
Main Author: Otero, Mariano
Format: eBook
Language:Spanish
Published: Ciudad de Mx̌ico: Cm̀ara de Diputados, 2013
Subjects:
Online Access:Acceso restringido

MARC

LEADER 00000nam a22000007a 4500
005 20171004190616.0
007 cr|||| ||||
008 171004s2013 mx |||||s|||| 00||0 spa d
020 |a 978-84-15382-94-2 
035 |a 20689 
040 |a vLex 
090 |c 7059  |d 7059 
100 1 |a Otero, Mariano 
245 1 0 |a Ensayo sobre el verdadero estado de la cuestin̤ social y polt̕ica que se agita en la Repb︢lica Mexicana  |h [Recurso electrn̤ico]:  |b pg̀inas escogidas /  |c Mariano Otero 
256 |a Servicio en ln̕ea 
260 |a Ciudad de Mx̌ico:  |b Cm̀ara de Diputados,  |c 2013 
300 |a 1 recurso electrn̤ico 
500 |a La coleccin̤ Biblioteca del Pensamiento Legislativo y Polt̕ico Mexicano que presenta el Consejo Editorial de la H. Cm̀ara de Diputados, LXII Legislatura, pretende mostrar, por medio de la pluma de significativos escritores, periodistas, historiadores y pensadores, en distintas etapas de la historia nacional, las ideas y expresiones que cimentaron y enriquecieron nuestra norma jurd̕ica a favor del bien colectivo. Tras la Independencia, la organizacin̤ del joven pas̕ requiri ̤de una intensa labor legislativa para reconocer que la soberana̕ reside en la Nacin̤. Esta lucha se prolong ̤hasta la consolidacin̤ como Repb︢lica gracias a las Leyes de Reforma, las cuales constituyeron la revolucin̤ cultural ms̀ trascendente del siglo XIX mexicano, adems̀ de ser uno de los ms̀ notables antecedentes de los estatutos que actualmente rigen el Estado. De esta manera, la coleccin̤ Biblioteca del Pensamiento Legislativo y Polt̕ico Mexicano rescata una visin̤ distinta de nuestro fuero y difunde los principios de libertad, integridad y democracia del pensamiento legislativo y polt̕ico mexicano. 
506 1 |a Disponible solo en los productos indicados  |d vLex Global  |d vLex Global (Academic Edition, excluding Law Schools)  |d vLex Global (U.S. Academic Edition, Law Schools)  |d vLex Global (U.S. Academic Edition, excluding Law Schools)  |d vLex Global (Academic Edition, Law Schools) 
650 0 4 |a Derecho civil  |z Mx̌ico 
650 0 4 |a Derecho constitucional  |z Mx̌ico 
740 0 |a vLex Libros (Servicio en ln̕ea) 
856 4 0 |u http://vlex.com/source/ensayo-sobre-el-verdadero-estado-de-la-cuestion-social-y-politica-que-se-agita-en-la-republica-mexicana-paginas-escogidas--20689  |z Acceso restringido 
942 |c BOOK 
999 0 |a Civil law 
999 0 |a Constitutional law